01325nam a22002297a 4500003000400000008004100004020001800045082001700063100001600080245004400096260004100140300001700181650002700198942001200225999001700237952014100254952014000395952014000535952014000675952014000815952014000955OSt230421b2019 |||||||| |||| 00| 0 eng d a9789389307948 a158.7bKAI-O aKaila, H.L. aOrganizational psychology /cH.L. Kaila aNew Delhi :bDreamtech Press,c2019. axvi, 309p. ; aPsychology, Industrial 2ddccBK c19478d19478 00102ddc4070aSOBDbSOBDd2023-04-21eVedi BooksfINRg455.00o158.7 KAI-O1p002741r2023-04-21t1w2023-04-15yREFkVEDI/23-24/04/09 00102ddc4070aSOBDbSOBDd2023-04-21eVedi BooksfINRg455.00o158.7 KAI-O2p002742r2023-04-21t2w2023-04-15yBKkVEDI/23-24/04/09 00102ddc4070aSOBDbSOBDd2023-04-21eVedi BooksfINRg455.00o158.7 KAI-O3p002743r2023-04-21t3w2023-04-15yBKkVEDI/23-24/04/09 00102ddc4070aSOBDbSOBDd2023-04-21eVedi BooksfINRg455.00o158.7 KAI-O4p002744r2023-04-21t4w2023-04-15yBKkVEDI/23-24/04/09 00102ddc4070aSOBDbSOBDd2023-04-21eVedi BooksfINRg455.00o158.7 KAI-O5p002745r2023-04-21t5w2023-04-15yBKkVEDI/23-24/04/09 00102ddc4070aSOBDbSOBDd2023-04-21eVedi BooksfINRg455.00o158.7 KAI-O6p002746r2023-04-21t6w2023-04-15yBKkVEDI/23-24/04/09